The Beach Boys Discography - Statistics

General Stats
  • This quiz has been taken 2 times
  • The average score is 26 of 352
Answer Stats
Year Album Song % Correct
1962 Surfin' Safari 409
100%
1963 Little Deuce Coupe 409
100%
1996 Stars and Stripes Vol. 1 409
100%
1965 Beach Boys' Party! Barbara Ann
100%
1966 Pet Sounds God Only Knows
100%
1963 Surfer Girl Surfer Girl
100%
1962 Surfin' Safari Surfin'
100%
1992 Summer in Paradise Surfin'
100%
1962 Surfin' Safari Surfin' Safari
100%
1963 Surfin' U.S.A. Surfin' U.S.A.
100%
1970 Sunflower All I Wanna Do
50%
1963 Surfer Girl Boogie Woodie
50%
1963 Surfer Girl Catch a Wave
50%
1962 Surfin' Safari Chug-A-Lug
50%
1970 Sunflower Deirdre
50%
1967 Smiley Smile Good Vibrations
50%
1965 Summer Days (And Summer Nights!!) Help Me, Rhonda
50%
1996 Stars and Stripes Vol. 1 Help Me, Rhonda
50%
1964 All Summer Long I Get Around
50%
1989 Still Cruisin' I Get Around
50%
1996 Stars and Stripes Vol. 1 I Get Around
50%
1963 Surfer Girl In My Room
50%
1980 Keepin' the Summer Alive Keepin' the Summer Alive
50%
1989 Still Cruisin' Kokomo
50%
1966 Pet Sounds Let's Go Away for Awhile
50%
1962 Surfin' Safari Little Girl (You're My Miss America)
50%
1964 The Beach Boys' Christmas Album Little Saint Nick
50%
1966 Pet Sounds Pet Sounds
50%
1964 The Beach Boys' Christmas Album Santa Claus Is Comin' to Town
50%
1963 Surfin' U.S.A. Shut Down
50%
1963 Little Deuce Coupe Shut Down
50%
1962 Surfin' Safari Summertime Blues
50%
1971 Surf's Up Surf's Up
50%
1970 Sunflower Tears in the Morning
50%
1962 Surfin' Safari Ten Little Indians
50%
1963 Surfer Girl The Surfer Moon
50%
1967 Wild Honey Wild Honey
50%
1989 Still Cruisin' Wipe Out
50%
1987 Non-Album Track Wipeout!
50%
1966 Pet Sounds Wouldn't It Be Nice
50%
1989 Still Cruisin' Wouldn't It Be Nice
50%
1976 15 Big Ones A Casual Look
0%
1971 Surf's Up A Day in the Life of a Tree
0%
1970 Sunflower Add Some Music to Your Day
0%
1977 The Beach Boys Love You Airplane
0%
1965 Beach Boys' Party! Alley Oop
0%
1969 20/20 All I Want to Do
0%
1964 All Summer Long All Summer Long
0%
1972 Carl and the Passions – "So Tough" All This Is That
0%
1965 Summer Days (And Summer Nights!!) Amusement Parks U.S.A.
0%
1965 Summer Days (And Summer Nights!!) And Your Dream Comes True
0%
1979 L.A. (Light Album) Angel Come Home
0%
1968 Friends Anna Lee, the Healer
0%
1967 Wild Honey Aren't You Glad
0%
1967 Wild Honey A Thing or Two
0%
1970 Sunflower At My Window
0%
1964 The Beach Boys' Christmas Album Auld Lang Syne
0%
1963 Little Deuce Coupe A Young Man Is Gone
0%
1979 L.A. (Light Album) Baby Blue
0%
1976 15 Big Ones Back Home
0%
1963 Little Deuce Coupe Ballad of Ole' Betsy
0%
2012 That's Why God Made the Radio Beaches in Mind
0%
1968 Friends Be Here in the Mornin'
0%
1978 M.I.U. Album Belles of Paris
0%
1968 Friends Be Still
0%
1963 Little Deuce Coupe Be True to Your School
0%
1996 Stars and Stripes Vol. 1 Be True to Your School
0%
1969 20/20 Be With Me
0%
1976 15 Big Ones Blueberry Hill
0%
1969 20/20 Bluebirds Over the Mountain
0%
1964 The Beach Boys' Christmas Album Blue Christmas
0%
1969 Non-Album Track Break Away
0%
1965 The Beach Boys Today! Bull Session with the 'Big Daddy'
0%
1968 Friends Busy Doin' Nothin'
0%
1969 20/20 Cabinessence
0%
1985 The Beach Boys California Calling
0%
1965 Summer Days (And Summer Nights!!) California Girls
0%
1989 Still Cruisin' California Girls
0%
1973 Holland California Saga/Big Sur
0%
1973 Holland California Saga/California
0%
1973 Holland California Saga/The Beaks of Eagles
0%
1963 Little Deuce Coupe Car Crazy Cutie
0%
1964 All Summer Long Carl's Big Chance
0%
1966 Pet Sounds Caroline, No
0%
1996 Stars and Stripes Vol. 1 Caroline, No
0%
1964 Shut Down Volume 2 'Cassius' Love vs. 'Sonny' Wilson
0%
1969 Non-Album Track Celebrate the News
0%
1976 15 Big Ones Chapel of Love
0%
1963 Little Deuce Coupe Cherry, Cherry Coupe
0%
1974 Non-Album Track Child of Winter
0%
1964 The Beach Boys' Christmas Album Christmas Day
0%
1978 M.I.U. Album Come Go With Me
0%
1970 Sunflower Cool, Cool Water
0%
1969 20/20 Cotton Fields
0%
1970 Non-Album Track Cottonfields
0%
1967 Wild Honey Country Air
0%
1962 Surfin' Safari Country Fair
0%
1985 The Beach Boys Crack at Your Love
0%
1962 Surfin' Safari Cuckoo Clock
0%
1972 Carl and the Passions – "So Tough" Cuddle Up
0%
1963 Little Deuce Coupe Custom Machine
0%
1965 The Beach Boys Today! Dance, Dance, Dance
0%
1967 Wild Honey Darlin'
0%
2012 That's Why God Made the Radio Daybreak Over the Ocean
0%
1964 Shut Down Volume 2 Denny's Drums
0%
1965 Beach Boys' Party! Devoted to You
0%
1968 Friends Diamond Head
0%
1977 The Beach Boys Love You Ding Dang
0%
1971 Surf's Up Disney Girls (1957)
0%
1969 20/20 Do It Again
0%
1968 Non-Album Track Do It Again
0%
1964 All Summer Long Don't Back Down
0%
1971 Surf's Up Don't Go Near the Water
0%
1965 The Beach Boys Today! Don't Hurt My Little Sister
0%
1966 Pet Sounds Don't Talk (Put Your Head on My Shoulder)
0%
1964 Shut Down Volume 2 Don't Worry Baby
0%
1996 Stars and Stripes Vol. 1 Don't Worry, Baby
0%
1964 All Summer Long Do You Remember?
0%
1965 The Beach Boys Today! Do You Wanna Dance?
0%
1964 All Summer Long Drive-In
0%
1984 Non-Album Track East Meets West
0%
1980 Keepin' the Summer Alive Endless Harmony
0%
1976 15 Big Ones Everyone's in Love with You
0%
1967 Smiley Smile Fall Breaks and Back to Winter (W. Woodpecker Symphony)
0%
1963 Surfin' U.S.A. Farmer's Daughter
0%
1971 Surf's Up Feel Flows
0%
1963 Surfin' U.S.A. Finders Keepers
0%
1970 Sunflower Forever
0%
1992 Summer in Paradise Forever
0%
1968 Friends Friends
0%
2012 That's Why God Made the Radio From There to Back Again
0%
1964 The Beach Boys' Christmas Album Frosty the Snowman
0%
1979 L.A. (Light Album) Full Sail
0%
1964 Shut Down Volume 2 Fun, Fun, Fun
0%
1996 Stars and Stripes Vol. 1 Fun, Fun, Fun
0%
1973 Holland Funky Pretty
0%
1985 The Beach Boys Getcha Back
0%
1967 Smiley Smile Gettin' Hungry
0%
1965 Summer Days (And Summer Nights!!) Girl Don't Tell Me
0%
1964 All Summer Long Girls on the Beach
0%
1980 Keepin' the Summer Alive Goin' On
0%
1979 L.A. (Light Album) Goin' South
0%
1977 The Beach Boys Love You Good Time
0%
1979 L.A. (Light Album) Good Timin'
0%
1965 The Beach Boys Today! Good to My Baby
0%
1970 Sunflower Got to Know the Woman
0%
1976 15 Big Ones Had to Phone Ya
0%
1987 Non-Album Track Happy Endings
0%
1963 Surfer Girl Hawaii
0%
1962 Surfin' Safari Heads You Win–Tails I Lose
0%
1972 Carl and the Passions – "So Tough" He Come Down
0%
1965 The Beach Boys Today! Help Me, Ronda
0%
1967 Wild Honey Here Comes the Night
0%
1979 L.A. (Light Album) Here Comes the Night
0%
1972 Carl and the Passions – "So Tough" Here She Comes
0%
1966 Pet Sounds Here Today
0%
1967 Smiley Smile Heroes and Villains
0%
1978 M.I.U. Album Hey Little Tomboy
0%
1972 Carl and the Passions – "So Tough" Hold On Dear Brother
0%
1977 The Beach Boys Love You Honkin' Down the Highway
0%
1963 Surfin' U.S.A. Honky Tonk
0%
1992 Summer in Paradise Hot Fun in the Summertime
0%
1967 Wild Honey How She Boogalooed It
0%
1965 Beach Boys' Party! Hully Gully
0%
1964 All Summer Long Hushabye
0%
1969 20/20 I Can Hear Music
0%
1996 Stars and Stripes Vol. 1 I Can Hear Music
0%
1967 Wild Honey I'd Love Just Once to See You
0%
1985 The Beach Boys I Do Love You
0%
1966 Pet Sounds I Just Wasn't Made for These Times
0%
1966 Pet Sounds I Know There's an Answer
0%
1964 The Beach Boys' Christmas Album I'll Be Home for Christmas
0%
1977 The Beach Boys Love You I'll Bet He's Nice
0%
1965 Summer Days (And Summer Nights!!) I'm Bugged at My Ol' Man
0%
1985 The Beach Boys I'm So Lonely
0%
1965 The Beach Boys Today! I'm So Young
0%
1966 Pet Sounds I'm Waiting for the Day
0%
1989 Still Cruisin' In My Car
0%
1965 The Beach Boys Today! In the Back of My Mind
0%
1964 Shut Down Volume 2 In the Parkin' Lot
0%
1976 15 Big Ones In the Still of the Night
0%
1965 Beach Boys' Party! I Should Have Known Better
0%
1992 Summer in Paradise Island Fever
0%
1989 Still Cruisin' Island Girl (I'm Gonna Make Her Mine)
0%
2012 That's Why God Made the Radio Isn't It Time
0%
1979 Non-Album Track It's a Beautiful Day
0%
1970 Sunflower It's About Time
0%
1985 The Beach Boys It's Gettin' Late
0%
1985 The Beach Boys It's Just a Matter of Time
0%
1976 15 Big Ones It's O.K.
0%
1977 The Beach Boys Love You I Wanna Pick You Up
0%
1967 Wild Honey I Was Made to Love Her
0%
1969 20/20 I Went to Sleep
0%
1977 The Beach Boys Love You Johnny Carson
0%
1976 15 Big Ones Just Once in My Life
0%
1964 Shut Down Volume 2 Keep an Eye on Summer
0%
1965 The Beach Boys Today! Kiss Me, Baby
0%
1978 M.I.U. Album Kona Coast
0%
1986 Non-Album Track Lady Liberty
0%
1979 L.A. (Light Album) Lady Lynda
0%
1992 Summer in Paradise Lahaina Aloha
0%
1963 Surfin' U.S.A. Lana
0%
1973 Holland Leaving This Town
0%
1965 Summer Days (And Summer Nights!!) Let Him Run Wild
0%
1963 Surfin' U.S.A. Let's Go Trippin'
0%
1977 The Beach Boys Love You Let's Put Our Hearts Together
0%
1967 Wild Honey Let the Wind Blow
0%
1977 The Beach Boys Love You Let Us Go On This Way
0%
1968 Friends Little Bird
0%
1963 Surfer Girl Little Deuce Coupe
0%
1963 Little Deuce Coupe Little Deuce Coupe
0%
1996 Stars and Stripes Vol. 1 Little Deuce Coupe
0%
1964 All Summer Long Little Honda
0%
1967 Smiley Smile Little Pad
0%
1980 Keepin' the Summer Alive Livin' with a Heartache
0%
1963 Surfin' U.S.A. Lonely Sea
0%
1971 Surf's Up Long Promised Road
0%
1996 Stars and Stripes Vol. 1 Long, Tall Texan
0%
1971 Surf's Up Lookin' at Tomorrow (A Welfare Song)
0%
1964 Shut Down Volume 2 Louie, Louie
0%
1977 The Beach Boys Love You Love Is a Woman
0%
1979 L.A. (Light Album) Love Surrounds Me
0%
1961 Non-Album Track Luau
0%
1989 Still Cruisin' Make It Big
0%
1972 Carl and the Passions – "So Tough" Make It Good
0%
1985 The Beach Boys Male Ego
0%
1967 Wild Honey Mama Says
0%
1972 Carl and the Passions – "So Tough" Marcella
0%
1978 M.I.U. Album Match Point of Our Love
0%
1985 The Beach Boys Maybe I Don't Know
0%
1968 Friends Meant for You
0%
1965 Beach Boys' Party! Medley
0%
1964 The Beach Boys' Christmas Album Merry Christmas, Baby
0%
1963 Surfin' U.S.A. Misirlou
0%
1977 The Beach Boys Love You Mona
0%
1962 Surfin' Safari Moon Dawg
0%
1965 Beach Boys' Party! Mountain of Love
0%
1978 M.I.U. Album My Diane
0%
1969 20/20 Never Learn Not to Love
0%
1963 Surfin' U.S.A. Noble Surfer
0%
1963 Little Deuce Coupe No-Go Showboat
0%
1980 Keepin' the Summer Alive Oh Darlin'
0%
1973 Holland Only With You
0%
1963 Surfer Girl Our Car Club
0%
1963 Little Deuce Coupe Our Car Club
0%
1964 All Summer Long Our Favorite Recording Sessions
0%
1969 20/20 Our Prayer
0%
1970 Sunflower Our Sweet Love
0%
2012 That's Why God Made the Radio Pacific Coast Highway
0%
1976 15 Big Ones Palisades Park
0%
1965 Beach Boys' Party! Papa-Oom-Mow-Mow
0%
1968 Friends Passing By
0%
1985 The Beach Boys Passing Friend
0%
1978 M.I.U. Album Peggy Sue
0%
1978 M.I.U. Album Pitter Patter
0%
1965 The Beach Boys Today! Please Let Me Wonder
0%
1964 Shut Down Volume 2 Pom, Pom Play Girl
0%
1990 Non-Album Track Problem Child
0%
1992 Summer in Paradise Remember (Walking in the Sand)
0%
1976 15 Big Ones Rock and Roll Music
0%
1977 The Beach Boys Love You Roller Skating Child
0%
1973 Holland Sail On, Sailor
0%
1965 Summer Days (And Summer Nights!!) Salt Lake City
0%
1980 Keepin' the Summer Alive Santa Ana Winds
0%
1964 The Beach Boys' Christmas Album Santa's Beard
0%
1980 Keepin' the Summer Alive School Day (Ring! Ring! Goes the Bell)
0%
1985 The Beach Boys She Believes in Love Again
0%
1965 The Beach Boys Today! She Knows Me Too Well
0%
2012 That's Why God Made the Radio Shelter
0%
1967 Smiley Smile She's Goin' Bald
0%
1978 M.I.U. Album She's Got Rhythm
0%
1979 L.A. (Light Album) Shortenin' Bread
0%
1964 Shut Down Volume 2 Shut Down, Part II
0%
1970 Sunflower Slip On Through
0%
1966 Pet Sounds Sloop John B
0%
1996 Stars and Stripes Vol. 1 Sloop John B
0%
1992 Summer in Paradise Slow Summer Dancin' (One Summer Night)
0%
1977 The Beach Boys Love You Solar System
0%
1980 Keepin' the Summer Alive Some of Your Love
0%
1989 Still Cruisin' Somewhere Near Japan
0%
1963 Surfer Girl South Bay Surfer (The Old Folks at Home)
0%
1963 Little Deuce Coupe Spirit of America
0%
2012 That's Why God Made the Radio Spring Vacation
0%
1973 Holland Steamboat
0%
1989 Still Cruisin' Still Cruisin'
0%
1992 Summer in Paradise Still Surfin'
0%
1963 Surfin' U.S.A. Stoked
0%
1992 Summer in Paradise Strange Things Happen
0%
2012 That's Why God Made the Radio Strange World
0%
1971 Surf's Up Student Demonstration Time
0%
1979 L.A. (Light Album) Sumahama
0%
1992 Summer in Paradise Summer in Paradise
0%
1965 Summer Days (And Summer Nights!!) Summer Means New Love
0%
1992 Summer in Paradise Summer of Love
0%
2012 That's Why God Made the Radio Summer's Gone
0%
1980 Keepin' the Summer Alive Sunshine
0%
1963 Surfer Girl Surfer's Rule
0%
1963 Surfin' U.S.A. Surf Jam
0%
1976 15 Big Ones Susie Cincinnati
0%
1978 M.I.U. Album Sweet Sunday Kinda Love
0%
1971 Surf's Up Take a Load Off Your Feet
0%
1976 15 Big Ones Talk to Me
0%
1965 Beach Boys' Party! Tell Me Why
0%
1976 15 Big Ones That Same Song
0%
1966 Pet Sounds That's Not Me
0%
2012 That's Why God Made the Radio That's Why God Made the Radio
0%
1965 Summer Days (And Summer Nights!!) The Girl from New York City
0%
1965 Non-Album Track The Little Girl I Once Knew
0%
1963 Non-Album Track The Lord's Prayer
0%
1964 The Beach Boys' Christmas Album The Man with All the Toys
0%
1969 20/20 The Nearest Faraway Place
0%
1977 The Beach Boys Love You The Night Was So Young
0%
1965 Summer Days (And Summer Nights!!) Then I Kissed Her
0%
2012 That's Why God Made the Radio The Private Life of Bill and Sue
0%
1965 Beach Boys' Party! There's No Other (Like My Baby)
0%
1963 Surfer Girl The Rocking Surfer
0%
1962 Surfin' Safari The Shift
0%
1965 Beach Boys' Party! The Times They Are a-Changin'
0%
1973 Holland The Trader
0%
1964 Shut Down Volume 2 The Warmth of the Sun
0%
1996 Stars and Stripes Vol. 1 The Warmth of the Sun
0%
2012 That's Why God Made the Radio Think About the Days
0%
1964 Shut Down Volume 2 This Car of Mine
0%
1970 Sunflower This Whole World
0%
1971 Surf's Up 'Til I Die
0%
1969 20/20 Time to Get Alone
0%
1976 15 Big Ones T M Song
0%
1968 Friends Transcendental Meditation
0%
1992 Summer in Paradise Under the Boardwalk
0%
1967 Smiley Smile Vegetables
0%
1968 Friends Wake the World
0%
1964 All Summer Long We'll Run Away
0%
1964 All Summer Long Wendy
0%
1964 The Beach Boys' Christmas Album We Three Kings of Orient Are
0%
1968 Friends When a Man Needs a Woman
0%
1980 Keepin' the Summer Alive When Girls Get Together
0%
1965 The Beach Boys Today! When I Grow Up (To Be a Man)
0%
1985 The Beach Boys Where I Belong
0%
1967 Smiley Smile Whistle In
0%
1964 The Beach Boys' Christmas Album White Christmas
0%
1964 Shut Down Volume 2 Why Do Fools Fall in Love
0%
1967 Smiley Smile Wind Chimes
0%
1978 M.I.U. Album Winds of Change
0%
1967 Smiley Smile With Me Tonight
0%
1967 Smiley Smile Wonderful
0%
1978 M.I.U. Album Wontcha Come Out Tonight
0%
1972 Carl and the Passions – "So Tough" You Need a Mess of Help to Stand Alone
0%
1965 Summer Days (And Summer Nights!!) You're So Good to Me
0%
1967 Non-Album Track You're Welcome
0%
1963 Surfer Girl Your Summer Dream
0%
1966 Pet Sounds You Still Believe in Me
0%
1965 Beach Boys' Party! You've Got To Hide Your Love Away
0%
No matching quizzes found
Score Distribution
Percent of People with Each Score
Percentile by Number Answered
Your Score History
You have not taken this quiz